书目信息 |
| 书名: | Keep the red flag flying | |
| 作者: | Liang Pin ; [translated by Gladys Yang]. | |
| 分册号: | ||
| 分册名: | 出版地: | Peking : |
|
| 出版社: | Foreign Languages Press | |
| 出版时间: | 1980. | |
| 页数: | 479 p., [6] leaves of plates : | |
| 开本: | 22 cm. | |
| 丛书名: | ||
| 中图分类号: | ||
| 科图分类号: | ||
| 其他分类号: | H319.4 | |
| 主题词: | ||
| 电子资源: | ||
| 000 | 00672cam 2200217 a 4504 | |
| 001 | E0751309831 | |
| 005 | 20070228142358.43 | |
| 008 | 0305051980 cc af 000 1 eng d | |
| 040 | @aWSU@cWSU@dCLU@dm/c@dOBE | |
| 041 | 1 | @aeng@hchi |
| 090 | @aK278/W16 | |
| 090 | @aH319.4 | |
| 099 | @dH319.4@ex341 | |
| 100 | 1 | @aLiang, Bin,@d1914- |
| 240 | 10 | @aHong qi pu.@lEnglish. |
| 245 | 10 | @aKeep the red flag flying / @cLiang Pin ; [translated by Gladys Yang]. |
| 260 | @aPeking :@bForeign Languages Press,@c1980. | |
| 300 | @a479 p., [6] leaves of plates :@bill. ;@c22 cm. | |
| 500 | @aIllusrated by HUANG RUNHUA. | |
| 700 | 1 | @aYang, Gladys. |
| 920 | @a232010@z2 | |
| Keep the red flag flying / / Liang Pin ; [translated by Gladys Yang].-Peking : : Foreign Languages Press, , 1980. |
| 479 p., [6] leaves of plates : : ill. ; ; 22 cm. |
| Illusrated by HUANG RUNHUA. |
| ISBN |
| ● |
| 相关链接 |
|
|
|
|
正题名:Keep the red flag flying
索取号:H319.4/x341
 
预约/预借
| 序号 | 登录号 | 条形码 | 馆藏地/架位号 | 状态 | 备注 |
| 1 | 47568 | 001424177 | 第四借阅区/ [索取号:H319.4/x341] | 在馆 |